000 00280nam a2200121Ia 4500
005 20251222153604.0
008 251222s9999||||xx |||||||||||||| ||spa||
020 _a84-500-7413-4
082 _a810/H52
100 _a"Higgins,Jack"
245 0 _aHa llegado el águila
942 _cLIB
999 _c31363
_d31363